000
00352nam a2200157Ia 4500
003
OSt
005
20231223060241.0
008
170524s9999 xx 000 0 und d
020
_a
9781439804728
040
_c
IIMTU
100
_a
Husain A
245
0
_a
Fundamental Electrical Engineering
260
_b
Dhanpat Rai
260
_c
2007
942
_2
ddc
_c
02
999
_c
4788
_d
4788